000 00288nam a22001337a 4500
008 170928b xxu||||| |||| 00| 0 eng d
020 _a9780205446186
041 _aeng
080 _25TH
_a37
100 _a47
101 _aEDU
245 _aFIELD INSTRUCTION
_cROYSE,D
942 _2udc
_cBK
999 _c30572
_d30572